|
|
|
|
| LEADER |
00000naa a2200000 a 4500 |
| 001 |
vtls010260712 |
| 003 |
SK-MaSNL |
| 005 |
20260319074721.0 |
| 008 |
11030220s2009 xo o |0||||||||0|||b|en |
| 015 |
|
|
|a SNBRA2010/08
|
| 035 |
|
|
|a SVKKK000101630
|
| 038 |
|
|
|a SVKKK
|
| 040 |
|
|
|a SVKKK
|b slo
|c SVKKK
|e AACR2
|
| 041 |
0 |
|
|a eng
|b eng
|
| 044 |
|
|
|a xo
|c SK
|
| 080 |
|
|
|a 523.98
|2 1997
|
| 080 |
|
|
|a 612.015
|2 1997
|
| 245 |
0 |
0 |
|a Biochemical parameters of human health monitored in season of low and high solar activity
|c Jana Štetiarová ... [et al.]
|
| 300 |
|
|
|b Obr., tab.
|
| 504 |
|
|
|a Bibliogr. odkazy
|
| 546 |
|
|
|a Res. angl.
|
| 650 |
0 |
7 |
|a slnečná aktivita
|x zdravie ľudí
|x biochemické parametre
|2 snkbucl
|9 823022
|
| 700 |
1 |
|
|a Štetiarová, Jana
|4 aut
|9 823023
|
| 700 |
1 |
|
|a Dzvoník, Oliver
|4 aut
|9 463405
|
| 700 |
1 |
|
|a Kudela, Karel,
|d 1946-
|4 aut
|9 92591
|
| 700 |
1 |
|
|a Daxner, Peter,
|d 1948-
|4 aut
|9 187518
|
| 773 |
0 |
|
|t Proceedings of the 21st European cosmic ray symposium
|d Košice : Ústav experimentálnej fyziky Slovenskej akadémie vied, 2009
|z 9788096806058
|g S. 153-157
|
| 852 |
|
|
|a SVKKK
|b BIB
|
| 958 |
|
|
|a NB
|
| 999 |
|
|
|c 1325546
|d 1327476
|